00451nam a2200157Ia 4500003000400000005001700004008004100021020001800062040002900080050002600109100005000135245005200185260003500237300001000272650001100282OSt20230911123412.0230222s9999||||xx |||||||||||||| ||und|| a81-224-0402-2 cChuka University Library aSBL QC 718 bP53 1992 aRay Kamal, K.P. Maheshwari and R.L. Sawheney  0aReviews in contemporary physics plasma physics/ aNew DelhibWiley Limitedc1992 a212p. aPlasma